Programmirovanije v OS JES na baze jazyka Assemblera

Saved in:
Bibliographic Details
Main Author: Zajceva, Žanna Nikolajevna
Format: Book
Language:Russian
Published: Moskva Finansy i statistika 1981
Tags: Add Tag
No Tags, Be the first to tag this record!

MARC

LEADER 00000nam a2200000 4500
001 c134999
005 20041019155302.9
041 0 |a rus 
044 |a RU 
245 1 0 |a Programmirovanije v OS JES na baze jazyka Assemblera  |c Žanna Nikolajevna Zajceva 
264 1 |a Moskva  |b Finansy i statistika  |c 1981 
300 |a 318 s. 
100 1 |a Zajceva, Žanna Nikolajevna